000 00641nam a22002177a 4500
003 OSt
005 20250421121043.0
008 200225s1984 cl ||||er|||| 00| f spa d
040 _aCO-JMCR
_cCO-JMCR
041 0 _aspa
082 0 4 _aA-N
_bKAFp
_223
100 1 _aKafka, Franz,
_eautor
_9535
245 1 3 _aEl proceso /
_cFranz Kafka
250 _aPrimera edición
260 _aSantiago de Chile :
_bEditorial Andrés Bello,
_c1984
300 _a307 páginas ;
_c19 cm.
490 0 _aClub de Lectores Andrés Bello ;
_v71
650 1 4 _aNovela checoslovaca
_ySiglo XX
_9922
650 1 4 _aProcesos (Derecho)
_xNovela
_9923
942 _2ddc
_cBK
999 _c6599
_d6599